| 000 | 00359nam a2200133Ia 4500 | ||
|---|---|---|---|
| 999 |
_c14110 _d14110 |
||
| 003 | OSt | ||
| 005 | 20260327163746.0 | ||
| 008 | 260210s9999 xx 000 0 und d | ||
| 020 | _a9781905216192 | ||
| 100 | _a Giovanni Odoni and Caterina Romaniello | ||
| 245 | 4 | _aThe Photographs Of Carla De Bendetti Interiors 70 | |
| 260 | _bVerbavolant | ||
| 942 |
_cBDES _2ddc |
||